000
00324nam a2200121Ia 4500
008
171211s9999 xx 000 0 und d
020
_a
9781496339928
100
_a
Dutton, Andrea Guillen
245
_a
Torre's Patient Care in Imaging Technology
250
_a
VIII
260
_b
C & E Publishing
_c
2013
300
_a
368 pages
999
_c
350830
_d
350830